[Event "Moscow-ch"]
[Site "Moscow"]
[Date "1981.??.??"]
[Round "14"]
[White "Chiburdanidze, Maia"]
[Black "Antoshin, Vladimir S"]
[Result "1-0"]
[WhiteElo "2425"]
[BlackElo "2470"]

1.e4 e5 2.Nf3 d6 3.Bc4 Be7 4.O-O Nf6 5.d3 Be6 6.Nbd2 O-O 7.c3 c6 8.Re1 Bxc4
9.Nxc4 Na6 10.a4 Nc5 11.b4 Ne6 12.a5 g6 13.h3 Nh5 14.Bh6 Re8 15.Rb1 a6 16.Nb6 Rb8
17.d4 exd4 18.Nxd4 Nxd4 19.cxd4 Bg5 20.Bxg5 Qxg5 21.Qg4 Qe7 22.Re3 Rbd8 23.d5 Qe5
24.dxc6 bxc6 25.Qe2 Qd4 26.Qxa6 Rxe4 27.Qd3 Qxd3 28.Rxd3 Nf4 29.Re3 Ne2+
30.Kf1 Rxe3 31.fxe3 Nc3 32.Rc1 Na2 33.Ra1 Nxb4 34.a6 Nd5 35.Nxd5 cxd5 36.a7 Ra8
37.Ke2 Kf8 38.Kd3 Ke7 39.Kd4 Ke6 40.Ra2 f5 41.h4 Kd7 42.Kxd5 Kc7 43.g3 Kd7
44.Ra3 Kc7 45.Ke6 Kc6 46.Kf7 Kd5 47.Kg7 Ke5 48.Kxh7 Kf6 49.Ra6 Kf7 50.Kh6 Rh8+
51.Kg5 Ra8 52.Ra1 Kg7 53.Ra4 Kf7 54.Ra6 Kg7 55.Rxd6 Rxa7 56.Rxg6+ Kh7 57.Rf6  1-0

[Event "Moscow-ch"]
[Site "Moscow"]
[Date "1981.??.??"]
[Round "15"]
[White "Gorelov, Sergey G"]
[Black "Chiburdanidze, Maia"]
[Result "1-0"]
[WhiteElo "2415"]
[BlackElo "2425"]

1.e4 c5 2.Nf3 d6 3.d4 cxd4 4.Qxd4 Bd7 5.c4 Nc6 6.Qd2 Nf6 7.Nc3 g6 8.b3 Bg7
9.Bb2 Bg4 10.Be2 O-O 11.O-O a6 12.h3 Bxf3 13.Bxf3 Nd7 14.Be2 Nc5 15.Rfe1 Qa5
16.Bf1 Rab8 17.Rad1 b5 18.Ba1 Rfd8 19.Rb1 e6 20.f3 b4 21.Ne2 Bxa1 22.Rxa1 Qb6
23.Kh1 e5 24.Red1 Ne6 25.a3 bxa3 26.Rxa3 a5 27.Nc3 Qb4 28.Nb5 Ncd4 29.Qa2 Ra8
30.Ra1 Nc5 31.Nxd4 exd4 32.Rxa5 Rxa5 33.Qxa5 Rb8 34.Qc7 Nxb3 35.Ra6 Nd2 36.Be2 Nb1
37.Qxd6 Qe1+ 38.Kh2 Rf8 39.Bd3 Nd2 40.Qxd4 Nxf3+ 41.gxf3 Qd2+ 42.Kg3 Qg5+
43.Kf2 Qd2+ 44.Kg1 Qd1+ 45.Kg2 Qd2+ 46.Qf2 Qxd3 47.Qa2 Qe3 48.Ra8 Qg5+ 49.Kf1 Qe3
50.Qa3 Qxa3 51.Rxa3 Rc8 52.Rc3 Rc5 53.Kf2 Kf8 54.f4 Ke7 55.Ke3 Kd6 56.Kd4 Rh5
57.c5+ Kd7 58.Ra3 Rh4 59.Ra7+ Ke6 60.Ra6+ Ke7 61.Ke5 Rxh3 62.Ra7+ Ke8 63.Kf6 Rf3
64.c6 Kd8 65.Ke5 Rc3 66.Kd6 Rd3+ 67.Kc5 Rc3+ 68.Kd5 Ke8 69.Ra8+ Ke7 70.Ra7+ Ke8
71.f5 gxf5 72.exf5 h5 73.f6 Kd8 74.Rxf7 Rd3+ 75.Ke5 Re3+ 76.Kf4 Re1 77.Rd7+ Ke8
78.f7+ Kf8 79.Kg5  1-0

[Event "Moscow-ch"]
[Site "Moscow"]
[Date "1981.??.??"]
[Round "16"]
[White "Chiburdanidze, Maia"]
[Black "Arbakov, Valentin"]
[Result "1-0"]
[WhiteElo "2425"]
[BlackElo "2445"]

1.e4 c5 2.Nf3 d6 3.d4 cxd4 4.Nxd4 Nf6 5.Nc3 Nc6 6.Bg5 e6 7.Qd2 a6 8.O-O-O Bd7
9.Be2 h6 10.Bh4 Rc8 11.Bg3 Nxd4 12.Qxd4 e5 13.Qd3 Qa5 14.f4 Be6 15.fxe5 dxe5
16.Nd5 Bxd5 17.exd5 Qxa2 18.Bxe5 Be7 19.c3 O-O 20.d6 Bd8 21.Qd4 Rc6 22.Rhf1 Re8
23.Bd3 Bb6 24.Qf4 Rxd6 25.Kc2 Rc6 26.Bxf6 Rxf6 27.Rde1 Rf8 28.Qe4 Rg6 29.Qxb7 Qa4+
30.Kb1 Rd6 31.Bc2 Qd7 32.Re7 Qxb7 33.Rxb7 Bd8 34.Rd1 Rf6 35.Be4 Rb6 36.Rxd8  1-0

[Event "URS-ch sf"]
[Site "Ivano Frankovsk"]
[Date "1982.??.??"]
[Round "?"]
[White "Gufeld, Eduard"]
[Black "Chiburdanidze, Maia"]
[Result "1/2-1/2"]
[WhiteElo "2485"]
[BlackElo "2390"]

1.d4 d5 2.c4 c6 3.cxd5 cxd5 4.Nc3 Nf6 5.Bf4 Nc6 6.Nf3 Bf5 7.e3 e6 8.Bd3 Bxd3
9.Qxd3 Bd6 10.Bxd6 Qxd6 11.O-O O-O 12.Rfc1 Rfc8 13.Ne2 Ne7 14.Rxc8+ Rxc8
15.Rc1 Rxc1+ 16.Nxc1 Qc7 17.Ne2 a6 18.Qc3 Qxc3 19.Nxc3 Nc6 20.Kf1 Kf8 21.Ke2 Ke7  1/2-1/2

[Event "URS-ch sf"]
[Site "Ivano Frankovsk"]
[Date "1982.??.??"]
[Round "?"]
[White "Chiburdanidze, Maia"]
[Black "Yudasin, Leonid"]
[Result "1/2-1/2"]
[WhiteElo "2390"]
[BlackElo "2405"]

1.d4 Nf6 2.c4 e6 3.Nf3 b6 4.a3 Bb7 5.Nc3 d5 6.cxd5 exd5 7.g3 Be7 8.Bg2 O-O
9.O-O c5 10.dxc5 bxc5 11.Qb3 Qb6 12.Qxb6 axb6 13.Ne5 Rd8 14.Rd1 Nc6 15.Nxc6 Bxc6
16.Bg5 Rac8 17.Bxf6 Bxf6 18.Nxd5 Bxd5 19.Rxd5 Rxd5 20.Bxd5 Bxb2  1/2-1/2

[Event "URS-ch sf"]
[Site "Ivano Frankovsk"]
[Date "1982.??.??"]
[Round "?"]
[White "Chiburdanidze, Maia"]
[Black "Gorelov, Sergey G"]
[Result "1/2-1/2"]
[WhiteElo "2390"]
[BlackElo "2470"]

1.d4 d5 2.c4 c6 3.cxd5 cxd5 4.Nc3 Nf6 5.Bf4 Nc6 6.e3 Bf5 7.Bb5 e6 8.Qa4 Qc8
9.Nf3 a6 10.Bxc6+ Qxc6 11.Qxc6+ bxc6 12.Rc1 Nd7 13.Na4 Bd3 14.Ne5 Nxe5 15.Bxe5 Bb4+
16.Nc3 f6 17.Bg3 Bb5 18.a3 Bxc3+ 19.Rxc3 a5 20.b3 a4  1/2-1/2

[Event "Vinkovci"]
[Site "Vinkovci"]
[Date "1982.??.??"]
[Round "2"]
[White "Kovacevic, Vlatko"]
[Black "Chiburdanidze, Maia"]
[Result "1/2-1/2"]
[WhiteElo "2495"]
[BlackElo "2390"]

1.d4 Nf6 2.Nf3 g6 3.Bg5 Bg7 4.Nbd2 d6 5.c3 O-O 6.e4 h6 7.Bh4 c5 8.dxc5 dxc5
9.Bc4 Nc6 10.O-O Bg4 11.Qc2 Nh5 12.Rfe1 Qc7 13.a4 Rad8 14.Bg3 Nxg3 15.hxg3 Na5
16.Ba2 c4 17.Nf1 Be6 18.Ne3 a6 19.Rad1 Qc5 20.Qe2 b5 21.axb5 axb5 22.Rxd8 Rxd8
23.Rd1 Rd6 24.Rxd6 exd6 25.Nc2 Nc6 26.Qe3 b4 27.Qxc5 dxc5 28.Ne3 Na5 29.Nd2 bxc3
30.bxc3 Bxc3 31.Ndxc4 Bd4 32.Nd5 Nc6 33.Bb3 Ne5 34.Nxe5 Bxe5 35.Ne7+ Kg7
36.Nd5 f5 37.exf5 Bxf5 38.Bc4 g5 39.Kf1 Be4 40.g4 Bd4 41.f3 Bb1 42.Ke2 Kf8
43.g3 Kg7  1/2-1/2

[Event "Vinkovci"]
[Site "Vinkovci"]
[Date "1982.??.??"]
[Round "4"]
[White "Klaric, Zlatko"]
[Black "Chiburdanidze, Maia"]
[Result "1-0"]
[WhiteElo "2440"]
[BlackElo "2390"]

1.Nf3 Nf6 2.b4 g6 3.Bb2 Bg7 4.e3 O-O 5.Be2 b6 6.O-O Bb7 7.c4 c5 8.a3 cxb4
9.axb4 d5 10.c5 a5 11.d4 Ne4 12.Nfd2 axb4 13.Rxa8 Bxa8 14.Nxe4 dxe4 15.Qa4 Nd7
16.c6 Nf6 17.Nd2 Qd6 18.Rc1 Rc8 19.Qa6 Qe6 20.Bb5 Qf5 21.c7 Nd5 22.Qa4  1-0

[Event "Vinkovci"]
[Site "Vinkovci"]
[Date "1982.??.??"]
[Round "6"]
[White "Ivanovic, Bozidar"]
[Black "Chiburdanidze, Maia"]
[Result "1-0"]
[WhiteElo "2485"]
[BlackElo "2390"]

1.e4 c5 2.Nf3 Nc6 3.d4 cxd4 4.Nxd4 Qb6 5.Nb3 Nf6 6.Nc3 e6 7.Bd3 a6 8.O-O d6
9.Bg5 Be7 10.Kh1 Qc7 11.f4 b6 12.Qe2 O-O 13.Rae1 Nd7 14.Qh5 Bxg5 15.Qxg5 Nb4
16.Re3 Qd8 17.Qh5 Bb7 18.Rg3 Nxd3 19.cxd3 f5 20.exf5 exf5 21.Re1 Qf6 22.Rh3 Qg6
23.Qxg6 hxg6 24.Re7 Rae8 25.Rhe3 Rxe7 26.Rxe7 Rf7 27.Re3 Nf6 28.Nd4 Rc7 29.Kg1 Nd5
30.Nxd5 Bxd5 31.Re8+ Kf7 32.Rb8 b5 33.Rb6 Rc1+ 34.Kf2 Rb1 35.Rxd6 Rxb2+ 36.Ke3 Bxg2
37.Rxa6 b4 38.Ne6 Bd5 39.Ng5+ Ke7 40.a3 b3 41.Kd4 Bg2 42.Ra7+ Kd6 43.Nf7+ Kc6
44.Ne5+ Kb5 45.Kc3 Rf2 46.Kxb3 Rxf4 47.Rxg7 Rh4 48.Rxg6 Bd5+ 49.Kc3 Rxh2
50.Kd4 Ba2 51.Rf6 Rf2 52.Nd7 Rf4+ 53.Kc3 Rf1 54.a4+ Ka5 55.Nc5 Rc1+ 56.Kd4 Rf1
57.Ra6+ Kb4 58.Rb6+ Ka3 59.a5  1-0

[Event "Vinkovci"]
[Site "Vinkovci"]
[Date "1982.??.??"]
[Round "7"]
[White "Chiburdanidze, Maia"]
[Black "Grigic"]
[Result "1-0"]
[WhiteElo "2390"]
[BlackElo "2200"]

1.e4 c5 2.Nf3 e6 3.d4 cxd4 4.Nxd4 Nf6 5.Nc3 Nc6 6.Ndb5 d6 7.Bf4 e5 8.Bg5 a6
9.Na3 b5 10.Nd5 Be7 11.Bxf6 Bxf6 12.c3 O-O 13.Nc2 Be6 14.a4 Bxd5 15.exd5 Ne7
16.axb5 axb5 17.Rxa8 Qxa8 18.Nb4 Qb7 19.Be2 g6 20.O-O Bg5 21.Qd3 Rb8 22.Ra1 Qb6
23.Ra6 Qc7 24.Qb1 Rb7 25.Qa2 e4 26.g3 Qc5 27.Qa5 Be3 28.Qd8+ Kg7 29.Ra8 Bxf2+
30.Kg2 Bg1 31.Qh8+ Kh6 32.Qf8+ Kg5 33.h4+ Kf6 34.Qh8+ Kf5 35.g4+ Kf4 36.Qf6+ Ke3
37.Qf1 Kd2 38.Ra1 Ke3 39.Nc2+  1-0

[Event "Vinkovci"]
[Site "Vinkovci"]
[Date "1982.??.??"]
[Round "8"]
[White "Plachetka, Jan"]
[Black "Chiburdanidze, Maia"]
[Result "1/2-1/2"]
[WhiteElo "2435"]
[BlackElo "2390"]

1.d4 Nf6 2.c4 g6 3.Nc3 Bg7 4.e4 O-O 5.Nf3 d6 6.Be2 e5 7.O-O Nc6 8.d5 Ne7
9.Nd2 c5 10.dxc6 bxc6 11.b4 Re8 12.b5 cxb5 13.Nxb5 a6 14.Nc3 Nc6 15.Nb3 Be6
16.Be3 Rc8 17.c5 Nd4 18.Bxa6 Ra8 19.Bb7 Bxb3 20.axb3 Rxa1 21.Qxa1 dxc5 22.Qa4 Qb8
23.Bd5 Qb4 24.Bg5 Rb8  1/2-1/2

[Event "Vinkovci"]
[Site "Vinkovci"]
[Date "1982.??.??"]
[Round "9"]
[White "Chiburdanidze, Maia"]
[Black "Popovic, Petar"]
[Result "1/2-1/2"]
[WhiteElo "2390"]
[BlackElo "2495"]

1.e4 c5 2.Nf3 d6 3.d4 cxd4 4.Nxd4 Nf6 5.Nc3 Nc6 6.Bg5 Qb6 7.Nb3 e6 8.Qd2 a6
9.O-O-O Be7 10.f3 Qc7 11.g4 b5 12.Be3 Nd7 13.g5 Nc5 14.Kb1 O-O 15.h4 Ne5
16.Nxc5 dxc5 17.Qh2 f6 18.gxf6 Bxf6 19.Bg5 b4 20.Ne2 Bb7 21.Bf4 g6 22.h5 g5
23.Rg1 h6 24.Qh3 Bg7 25.Qxe6+ Kh8 26.Bxe5 Qxe5 27.Qxe5 Bxe5 28.Bg2 Bc6 29.Nc1 a5
30.Nb3 c4 31.Nd4 Bd7 32.Bf1 Rac8 33.Be2 c3 34.bxc3 Rxc3 35.Nb3 Be6 36.Rd3 Rxd3
37.cxd3 Bxb3 38.axb3 Bc3 39.Rd1 Rd8 40.Bf1 Kg7 41.d4 Rxd4  1/2-1/2

[Event "Vinkovci"]
[Site "Vinkovci"]
[Date "1982.??.??"]
[Round "10"]
[White "Ledic, Tomislav"]
[Black "Chiburdanidze, Maia"]
[Result "0-1"]
[WhiteElo "2310"]
[BlackElo "2390"]

1.d4 Nf6 2.c4 g6 3.Nc3 Bg7 4.e4 d6 5.f3 O-O 6.Be3 a6 7.Qd2 Nc6 8.Nge2 Rb8
9.Nc1 e5 10.Nb3 exd4 11.Nxd4 Nxd4 12.Bxd4 Be6 13.Be2 c5 14.Be3 b5 15.cxb5 axb5
16.O-O c4 17.Nd5 Bxd5 18.exd5 Nxd5 19.Qxd5 Re8 20.Ba7 Rxe2 21.Bxb8 Qxb8 22.Rfe1 Qa7+
23.Kh1 Qf2 24.Qa8+ Bf8 25.Rxe2 Qxe2 26.Rb1 Qd2 27.Qe8 b4 28.Kg1 d5 29.h4 Qd4+
30.Kh2 Qxh4+ 31.Kg1 Qd4+ 32.Kh1 Kg7 33.Qe1 Qf4 34.Qf2 Bd6 35.Kg1 Qh2+ 36.Kf1 Qh1+
37.Qg1 Qxg1+ 38.Kxg1 Bf4 39.Kf2 c3 40.bxc3 bxc3  0-1

[Event "Vinkovci"]
[Site "Vinkovci"]
[Date "1982.??.??"]
[Round "11"]
[White "Chiburdanidze, Maia"]
[Black "Uhlmann, Wolfgang"]
[Result "1/2-1/2"]
[WhiteElo "2390"]
[BlackElo "2515"]

1.g3 g6 2.Bg2 Bg7 3.d4 d5 4.Nf3 c6 5.O-O Nf6 6.c4 O-O 7.cxd5 cxd5 8.Ne5 e6
9.Nc3 Nfd7 10.Nxd7 Qxd7  1/2-1/2

[Event "Dortmund"]
[Site "Dortmund"]
[Date "1983.??.??"]
[Round "6"]
[White "Suba, Mihai"]
[Black "Chiburdanidze, Maia"]
[Result "1-0"]
[WhiteElo "2535"]
[BlackElo "2355"]

1.d4 Nf6 2.c4 g6 3.Nc3 Bg7 4.e4 d6 5.h3 O-O 6.Bg5 c5 7.d5 b5 8.cxb5 a6 9.a4 Qa5
10.Bd2 Qb4 11.f3 Nfd7 12.Qc2 Qa5 13.Ra3 e6 14.f4 Nf6 15.Bc4 Re8 16.Nf3 exd5
17.Nxd5 Qd8 18.Nxf6+ Qxf6 19.e5 dxe5 20.fxe5 Bf5 21.Qb3 Nd7 22.O-O Qe7 23.Bg5 Qf8
24.b6 a5 25.Qb5 Rab8 26.e6 Rxe6 27.Bxe6 Bxe6 28.b7 Qd6 29.Qxa5 h6 30.Bc1 Rxb7
31.Qd8+ Kh7 32.Qh4 Rb4 33.Qf2 c4 34.a5 Nc5 35.Qh4 Kg8 36.Bxh6 Bxb2 37.Bf4 Qd5
38.Re3 Ne4 39.Qe7 Rb7 40.Qe8+ Kg7 41.Rfe1 Nf6 42.Qa4 Bd7 43.Qc2 Bf5 44.Qf2 Qxa5
45.Qh4 Nh5 46.Be5+ Bxe5 47.Nxe5 Nf6 48.Qxc4 Be6 49.Qe2 Qc5 50.Kh1 Bd5 51.Qd2 Ra7
52.Qf2 Qb4 53.Nd3 Qd4 54.Qf4 Ra4 55.Qxd4 Rxd4 56.Kh2 Nh5 57.Rf1 Bc4 58.Rd1 Be6
59.Nf2 Rb4 60.Rd2 Nf6 61.Re5 Kh6 62.Rc2 Ra4 63.Rb2 Rc4 64.Nd3 Nd7 65.Re1 Rd4
66.Nb4 Nf6 67.Nc6 Rd6 68.Ne5 Nd7 69.Nf3 Nf6 70.Re5 Nd7 71.Ra5 Rd3 72.Rd2 Re3
73.Ng5 Nf8 74.Nxe6 Nxe6 75.Ra7 f5 76.Rdd7 Kg5 77.Re7 Re2 78.Kg1 Re4 79.Kf2 Rf4+
80.Kg3 Re4 81.Rf7 Re3+ 82.Kf2 Rc3 83.Ra2 Nc5 84.Kg1 Nd3 85.Kh2 Nf4 86.Rfa7 Nh5
87.R7a6 f4 88.R2a3 Rc1 89.Ra1 Rc2 90.R1a5+ Kh6 91.Ra2 Rc1 92.h4 Ng3 93.Ra1 Rxa1
94.Rxa1 Kh5 95.Ra4 Kg4 96.Kg1 Nf5 97.Kf2 Ng3 98.Rb4 Nf5 99.Re4 g5 100.hxg5 Kxg5
101.Re5 Kg4 102.Re8 Nh4 103.Rg8+ Kf5 104.Ke2 Ke4 105.g3 Nf3 106.Rg4 Nd4+
107.Kf2 Ne6 108.gxf4 Nd4 109.f5+  1-0

[Event "URS-ch sf+"]
[Site "Minsk"]
[Date "1983.??.??"]
[Round "?"]
[White "Chiburdanidze, Maia"]
[Black "Bagirov, Vladimir"]
[Result "0-1"]
[WhiteElo "2355"]
[BlackElo "2500"]

1.e4 Nf6 2.e5 Nd5 3.d4 d6 4.Nf3 Bg4 5.Be2 e6 6.O-O Be7 7.h3 Bh5 8.c4 Nb6
9.Nc3 O-O 10.Be3 d5 11.c5 Bxf3 12.gxf3 Nc8 13.f4 Nc6 14.Bd3 g6 15.f5 exf5
16.Qf3 Bxc5 17.dxc5 d4 18.Bh6 dxc3 19.Bxf8 Qxf8 20.e6 Qxc5 21.exf7+ Kxf7
22.Rac1 Nd6 23.Rxc3 Qe5 24.Bc4+ Kf6 25.Re3 Nd4 26.Qg2 Qf4 27.Bd5 c6 28.Rd1 Re8
29.Rxe8 Nxe8 30.Kf1 cxd5 31.Qxd5 Ne6 32.Re1 N8c7 33.Qxb7 Qc4+ 34.Kg1 Qxa2
35.Qc8 Qd5 36.Re3 f4 37.Qh8+ Kf5 38.Rc3 Qe5 39.Qxh7 Qe1+ 40.Kg2 Qe4+ 41.Kg1 Nd5
42.Qf7+  0-1

[Event "URS-ch sf+"]
[Site "Minsk"]
[Date "1983.??.??"]
[Round "?"]
[White "Chiburdanidze, Maia"]
[Black "Korzubov, Peter"]
[Result "0-1"]
[WhiteElo "2355"]
[BlackElo "2450"]

1.e4 e6 2.d4 d5 3.Nd2 c5 4.Ngf3 a6 5.dxc5 Bxc5 6.Bd3 Ne7 7.O-O Nbc6 8.a3 O-O
9.Qe2 Ng6 10.Nb3 Be7 11.e5 Bd7 12.Bd2 f6 13.Bxg6 hxg6 14.Bc3 Qe8 15.Rfe1 g5
16.h3 Qg6 17.Rad1 Rac8 18.Rd2 f5 19.Nfd4 Nxd4 20.Bxd4 g4 21.Qd3 Bg5 22.Rdd1 gxh3
23.Qxh3 Kf7 24.g3 Rh8 25.Qg2 Rh6 26.Bc3 Rch8 27.Nd4 Bd8 28.Kf1 Qg4 29.Qf3 Bb5+
30.Kg1 Rh2 31.Qxg4 fxg4 32.f3 gxf3 33.Nxf3 Rxc2 34.Rd2 Rxd2 35.Bxd2 Bd3 36.Be3 Be4
37.Rf1 Ke8 38.Rf2 Rh3 39.Kg2 Rh5 40.Bd4 Rf5 41.g4 Rxf3 42.Rxf3 Kd7 43.Kg3 Bxf3
44.Kxf3 Kc6 45.b3 Kb5 46.Ke2 Be7 47.Bb2 a5 48.Kd3 a4 49.b4 Bxb4 50.axb4 Kxb4
51.Bd4 Kb3 52.g5 g6 53.Bb6 a3 54.Bc5 Kb2 55.Bd4+ Kb1 56.Kc3 a2 57.Kb4  0-1

[Event "URS-ch sf+"]
[Site "Minsk"]
[Date "1983.??.??"]
[Round "?"]
[White "Anikaev, Yuri N"]
[Black "Chiburdanidze, Maia"]
[Result "1/2-1/2"]
[WhiteElo "2460"]
[BlackElo "2355"]

1.d4 Nf6 2.Nf3 e6 3.c4 c5 4.d5 exd5 5.cxd5 d6 6.Nc3 g6 7.Nd2 Bg7 8.Nc4 O-O
9.Bf4 Ne8 10.Qd2 f5 11.g3 Qe7 12.Bg2 Nd7 13.O-O Ne5 14.Nxe5 Bxe5 15.Bh6 Bg7
16.Bg5 Bf6 17.h4 Ng7 18.Rfe1 Qc7 19.Bxf6 Rxf6 20.e4 fxe4 21.Nxe4 Rf8 22.b4 b6
23.Ng5 Nf5 24.Re4  1/2-1/2

[Event "URS-ch sf+"]
[Site "Minsk"]
[Date "1983.??.??"]
[Round "?"]
[White "Klovans, Janis"]
[Black "Chiburdanidze, Maia"]
[Result "1/2-1/2"]
[WhiteElo "2450"]
[BlackElo "2355"]

1.e4 c5 2.Nf3 d6 3.d4 cxd4 4.Nxd4 Nf6 5.Nc3 e6 6.Be2 Be7 7.O-O Nc6 8.Be3 O-O
9.f4 e5 10.Nb3 exf4 11.Bxf4 Be6 12.Kh1 Ne8 13.Nd5 Bg5 14.Qd2 Bxf4 15.Qxf4 Rc8
16.Rad1 Ne5 17.c3 Bxd5 18.Rxd5 Nf6 19.Rd4 Qe7 20.Rfd1 Rcd8 21.Bf3 Rfe8 22.Kg1 h6
23.Nd2 Nxf3+ 24.Qxf3 Qe6 25.a3 Rd7 26.h3 Rde7 27.Nc4 Nxe4 28.Nxd6 Nxd6 29.Rxd6 Qb3
30.R1d2 Qb5 31.Kh2 Re3 32.Qf4 R3e4 33.Qg3 Re3 34.Qf4 R3e4 35.Qg3  1/2-1/2

[Event "New Delhi"]
[Site "Delhi"]
[Date "1984.??.??"]
[Round "?"]
[White "Ravikumar, Vaidyanathan"]
[Black "Chiburdanidze, Maia"]
[Result "1/2-1/2"]
[WhiteElo "2415"]
[BlackElo "2385"]

1.d4 Nf6 2.Nf3 g6 3.Bf4 Bg7 4.e3 O-O 5.h3 c5 6.c3 b6 7.Be2 Ba6 8.O-O Qc8
9.Nbd2 Bxe2 10.Qxe2 d5 11.Rac1 Nbd7 12.Bh2 Qb7 13.Rfe1 Rac8 14.Ne5  1/2-1/2

[Event "New Delhi"]
[Site "Delhi"]
[Date "1984.??.??"]
[Round "?"]
[White "Spassov, Liuben"]
[Black "Chiburdanidze, Maia"]
[Result "1/2-1/2"]
[WhiteElo "2475"]
[BlackElo "2385"]

1.d4 Nf6 2.c4 c5 3.d5 b5 4.cxb5 a6 5.e3 g6 6.Nc3 Bg7 7.a4 O-O 8.Bc4 e6 9.Nge2 Bb7
10.bxa6 Nxa6 11.O-O exd5 12.Nxd5 Nxd5 13.Bxd5 Rb8 14.Nc3 Nb4 15.e4 Ba6 16.Nb5 Bxb5
17.axb5 Nxd5 18.Qxd5 Rxb5 19.Ra7  1/2-1/2

[Event "New Delhi"]
[Site "Delhi"]
[Date "1984.??.??"]
[Round "?"]
[White "Mithrakanth, Poorna Sharma"]
[Black "Chiburdanidze, Maia"]
[Result "0-1"]
[WhiteElo "2345"]
[BlackElo "2385"]

1.e4 c5 2.Nf3 d6 3.d4 cxd4 4.Nxd4 Nf6 5.Nc3 e6 6.Be2 Be7 7.O-O Nc6 8.Be3 O-O
9.f4 e5 10.fxe5 dxe5 11.Nf5 Bxf5 12.Rxf5 Rc8 13.Bd3 Bb4 14.Bg5 Bxc3 15.bxc3 Qb6+
16.Kh1 Nd7 17.Qg4 Nd8 18.Raf1 Qe6 19.Qg3 f6 20.Bh6 Rf7 21.Bb5 Rc7 22.Ba4 Nc5
23.Rd1 Nxa4 24.Rxd8+ Rf8 25.Qd3 Rxc3 26.Rxf8+ Kxf8 27.Qd8+ Kf7 28.Bc1 Rxc2
29.Ba3 Rc8 30.Qd1 Nc3 31.Qd3 Nxa2 32.h4 Rc3 33.Qb5 Rxa3 34.Qxb7+ Qe7 35.Qd5+ Qe6
36.Qb7+ Qe7 37.Qd5+ Kf8 38.Rf2 Nc3 39.Qc6 Na4 40.Rd2 Nb6 41.h5  0-1

[Event "New Delhi"]
[Site "Delhi"]
[Date "1984.??.??"]
[Round "?"]
[White "Gufeld, Eduard"]
[Black "Chiburdanidze, Maia"]
[Result "0-1"]
[WhiteElo "2480"]
[BlackElo "2385"]

1.e4 c5 2.Nf3 d6 3.d4 cxd4 4.Nxd4 Nf6 5.Nc3 e6 6.f4 a6 7.Bd3 Qc7 8.O-O Nbd7
9.Kh1 Be7 10.Qe2 b5 11.a3 Bb7 12.Bd2 O-O 13.Rae1 Nc5 14.b4 Nxd3 15.cxd3 Rfe8
16.g4 g6 17.f5 exf5 18.gxf5 Rac8 19.Rc1 Qd7 20.Qg2 Nh5 21.fxg6 hxg6 22.Nf5 Bf8
23.Nh6+ Bxh6 24.Bxh6 d5 25.exd5 Rxc3  0-1

[Event "New Delhi"]
[Site "Delhi"]
[Date "1984.??.??"]
[Round "?"]
[White "Chiburdanidze, Maia"]
[Black "Thipsay, Praveen Mahadeo"]
[Result "1-0"]
[WhiteElo "2385"]
[BlackElo "2435"]

1.e4 e5 2.Nf3 Nc6 3.Bb5 a6 4.Ba4 Nf6 5.d3 d6 6.c3 g6 7.O-O Bg7 8.Re1 Bd7
9.d4 O-O 10.Nbd2 Qe8 11.Bc2 Nh5 12.Nf1 Kh8 13.Ne3 Rc8 14.dxe5 dxe5 15.b3 f6
16.Nd5 Rf7 17.Be3 Be6 18.Qe2 Ne7 19.Rad1 Ng8 20.b4 Bh6 21.Bxh6 Nxh6 22.Qe3 Ng8
23.c4 Rd8 24.Qc5 Qf8 25.Qa5 c6 26.Ne3 Rfd7 27.Qb6 Qe7 28.g3 Ng7 29.Bb3 Ne8
30.Rxd7 Rxd7 31.b5 axb5 32.cxb5 Bxb3 33.bxc6 bxc6 34.Qxb3 Qc5 35.Re2 Kg7
36.Rc2 Qd6 37.a4 Ne7 38.a5 Qc7 39.Nc4 Qa7 40.Kg2 Nc7 41.Ncxe5  1-0

[Event "New Delhi"]
[Site "Delhi"]
[Date "1984.??.??"]
[Round "?"]
[White "Parameswaran, Tiruchi N"]
[Black "Chiburdanidze, Maia"]
[Result "1/2-1/2"]
[WhiteElo "2385"]
[BlackElo "2385"]

1.c4 Nf6 2.Nc3 c5 3.g3 g6 4.Bg2 Bg7 5.Nf3 O-O 6.O-O Nc6 7.d4 cxd4 8.Nxd4 d6
9.Nxc6 bxc6 10.Bxc6 Bh3 11.Bxa8 Qxa8 12.f3 Bxf1 13.Kxf1  1/2-1/2

[Event "New Delhi"]
[Site "Delhi"]
[Date "1984.??.??"]
[Round "?"]
[White "Chiburdanidze, Maia"]
[Black "Kuzmin, Gennadi P"]
[Result "1/2-1/2"]
[WhiteElo "2385"]
[BlackElo "2505"]

1.e4 e5 2.Nf3 Nc6 3.Bb5 a6 4.Ba4 Nf6 5.O-O Be7 6.Re1 b5 7.Bb3 O-O 8.c3 d5
9.exd5 Nxd5 10.Nxe5 Nxe5 11.Rxe5 c6 12.d4 Bd6 13.Re1 Qh4 14.g3 Qh3 15.Be3 Be6
16.Nd2 Bg4 17.f3 Bxg3 18.hxg3 Qxg3+  1/2-1/2

[Event "New Delhi"]
[Site "Delhi"]
[Date "1984.??.??"]
[Round "?"]
[White "Chiburdanidze, Maia"]
[Black "Choudhry, A."]
[Result "1-0"]
[WhiteElo "2385"]
[BlackElo "2260"]

1.e4 e5 2.Nf3 Nc6 3.Bc4 Bc5 4.O-O Nf6 5.d3 O-O 6.c3 Bb6 7.Bg5 Qe7 8.Nh4 d6
9.Nd2 h6 10.Ng6 Qd8 11.Bxf6 Qxf6 12.Nxf8 Kxf8 13.Bb3 Qg6 14.Kh1 f5 15.f4 Ke7
16.fxe5 Nxe5 17.exf5 Bxf5 18.d4 Ng4 19.Qe2+ Kd7 20.Qb5+  1-0

[Event "Rubinstein mem"]
[Site "Polanica Zdroj"]
[Date "1984.??.??"]
[Round "3"]
[White "Chiburdanidze, Maia"]
[Black "Panczyk, Krzysztof"]
[Result "1-0"]
[WhiteElo "2375"]
[BlackElo "2440"]

1.e4 e5 2.Nf3 Nc6 3.Bb5 a6 4.Ba4 Nf6 5.d4 exd4 6.O-O Be7 7.Re1 O-O 8.e5 Ne8
9.c3 dxc3 10.Nxc3 d6 11.exd6 Bxd6 12.Bg5 Nf6 13.Bxc6 bxc6 14.Qa4 Rb8 15.Rad1 h6
16.Bh4 Rxb2 17.Ne4 Rb4 18.Nxf6+ Qxf6 19.Qxb4 Bxb4 20.Bxf6 gxf6 21.Re4 Bd6
22.Ra4 c5 23.Rc1 Re8 24.Re1 Rd8 25.Nd2 Be5 26.Ne4 Bd4 27.Rc4 Be6 28.Rc2 c4
29.Nd2 c3 30.Ne4 Bf5 31.Rcc1 Bxe4 32.Rxe4 c5 33.Kf1 Rb8 34.Rc2 a5 35.Ke2 Rb2
36.Kd1 Rb1+ 37.Rc1 Rb4 38.Rc2 Rb1+ 39.Ke2 Rb2 40.Re8+ Kg7 41.Rxb2 cxb2 42.Rb8 a4
43.Kd2 Be5 44.Rb6 a3 45.Kc2 Bxh2 46.Rb3 Bg1 47.Rxa3 Bxf2 48.Rf3 Bd4 49.a4 Kg6
50.a5 Kg5 51.Rd3 Bf2 52.Rd7 c4 53.Rxf7 c3 54.a6 f5 55.Rc7  1-0

[Event "Thessaloniki ol (Women)"]
[Site "Thessaloniki"]
[Date "1984.??.??"]
[Round "1"]
[White "Gramignani, Rita"]
[Black "Chiburdanidze, Maia"]
[Result "0-1"]
[WhiteElo "1925"]
[BlackElo "2375"]

1.e4 c5 2.Nf3 d6 3.d4 cxd4 4.Nxd4 Nf6 5.Nc3 Nc6 6.Be2 e6 7.Be3 Bd7 8.Nb3 Be7
9.O-O a6 10.a4 b6 11.f4 O-O 12.Qe1 Bc8 13.Qf2 Rb8 14.Rad1 Qc7 15.Kh1 Nd7
16.Qg3 Bf6 17.Nd4 Nb4 18.Bd3 Nc5 19.Nde2 Bb7 20.Bd4 e5 21.fxe5 Bxe5 22.Qf2 Bc6
23.Nd5 Nxd5 24.exd5 Nxd3 25.cxd3 Bxd5 26.Ng3 Bxd4 27.Qxd4 Qc5 28.Qxc5 bxc5  0-1

[Event "Thessaloniki ol (Women)"]
[Site "Thessaloniki"]
[Date "1984.??.??"]
[Round "2"]
[White "Chiburdanidze, Maia"]
[Black "Shterenberg, N."]
[Result "1/2-1/2"]
[WhiteElo "2375"]
[BlackElo "2130"]

1.e4 d5 2.exd5 Qxd5 3.Nc3 Qa5 4.Bc4 c6 5.Nf3 Bg4 6.h3 Bxf3 7.Qxf3 Nf6 8.O-O e6
9.Ne4 Nbd7 10.d4 Nxe4 11.Qxe4 Nf6 12.Qe2 Nd5 13.Bb3 Qd8 14.c4 Nf6 15.d5 cxd5
16.cxd5 Nxd5 17.Ba4+ Ke7 18.Bg5+ f6 19.Rfe1 Qb6 20.Rad1 Rd8 21.Bb3 Kf7 22.Qh5+ g6
23.Qf3 Bc5 24.Rxd5 exd5 25.Bxd5+  1/2-1/2

[Event "Thessaloniki ol (Women)"]
[Site "Thessaloniki"]
[Date "1984.??.??"]
[Round "3"]
[White "Garcia, Nieves"]
[Black "Chiburdanidze, Maia"]
[Result "0-1"]
[WhiteElo "2160"]
[BlackElo "2375"]

1.d4 d5 2.c4 e6 3.Nc3 Nf6 4.Bg5 Be7 5.e3 O-O 6.Nf3 Nbd7 7.Rc1 b6 8.cxd5 exd5
9.Bd3 Bb7 10.O-O Ne4 11.Bf4 c5 12.dxc5 Nxc3 13.bxc3 Nxc5 14.Be2 Rc8 15.Qd2 Bf6
16.Nd4 Ne4 17.Qb2 Qe7 18.Rfd1 Rc5 19.c4 dxc4 20.Rxc4 Bd5 21.Rcc1 Rfc8 22.Bf3 Qe8
23.Bxe4 Qxe4 24.f3 Qe8 25.Kf2 h5 26.a3 Qa4 27.Rxc5 bxc5 28.Qc1 Re8 29.Nf5 Be6
30.Nd6 Rd8 31.e4 Bd4+ 32.Kg3 g5 33.Bxg5 Rxd6 34.Qf4 Qxd1  0-1

[Event "Thessaloniki ol (Women)"]
[Site "Thessaloniki"]
[Date "1984.??.??"]
[Round "4"]
[White "Muresan, Margareta"]
[Black "Chiburdanidze, Maia"]
[Result "1/2-1/2"]
[WhiteElo "2195"]
[BlackElo "2375"]

1.Nf3 Nf6 2.c4 e6 3.g3 b6 4.Bg2 Bb7 5.O-O Be7 6.d4 O-O 7.Nc3 Ne4 8.Qc2 Nxc3
9.Qxc3 c5 10.Rd1 d6 11.b3 Nc6 12.Bb2 Bf6 13.Qd2 Qe7 14.Rac1 Rad8 15.Bc3 e5
16.d5 Nd4 17.e3 Nxf3+ 18.Bxf3 Bg5 19.Bg2 f5 20.f4 Bf6  1/2-1/2

[Event "Thessaloniki ol (Women)"]
[Site "Thessaloniki"]
[Date "1984.??.??"]
[Round "6"]
[White "Liu Shilan"]
[Black "Chiburdanidze, Maia"]
[Result "1/2-1/2"]
[WhiteElo "2200"]
[BlackElo "2375"]

1.e4 c5 2.Nf3 d6 3.d4 cxd4 4.Nxd4 Nf6 5.Nc3 Nc6 6.Be2 e6 7.O-O Be7 8.Be3 a6
9.f4 Bd7 10.Qe1 O-O 11.Qg3 Qc7 12.Rae1 b5 13.a3 Kh8 14.Nxc6 Bxc6 15.Bd4 Qb7
16.e5 dxe5 17.fxe5 Ne4  1/2-1/2